[Event "HUN-chT U10"]
[Site "Budapest"]
[Date "2015.08.29"]
[Round "7.2"]
[White "Schiszler, Gellert"]
[Black "Demeter, Dorina"]
[Result "1/2-1/2"]
[WhiteElo "1479"]
[BlackElo "1719"]
[PlyCount "114"]
[EventDate "2015.08.26"]
[EventType "team-swiss"]
[EventRounds "8"]
[EventCountry "HUN"]
[SourceTitle "EXT 2016"]
[Source "ChessBase"]
[SourceDate "2015.10.08"]
[SourceVersion "1"]
[SourceVersionDate "2015.10.08"]
[SourceQuality "1"]

1. e4 c5 2. c4 e6 3. Nc3 Nc6 4. g3 g6 5. Bg2 Bg7 6. Nge2 Nge7 7. 0-0 a6 8. d3 Rb8 9. a4 0-0 10. Be3 d6 11. f4 f5 12. Rb1 Nb4 13. d4 b6 14. d5 exd5 15. exd5 Re8 16. Bf2 Bb7 17. Re1 Qd7 18. Qd2 Kh8 19. Nc1 Ng8 20. Nb3 Nf6 21. h3 Ne4 22. Bxe4 fxe4 23. Nxe4 Qxa4 24. Nxd6 Rxe1+ 25. Rxe1 Qxb3 26. Nxb7 Nd3 27. Re3 Qxc4 28. Rxd3 Rxb7 29. d6 Rd7 30. b3 Qf7 31. Qe2 Kg8 32. Qe4 Bf8 33. Qc6 Qe6 34. Qxb6 Rxd6 35. Rxd6 Qxd6 36. Qxd6 Bxd6 37. Kf1 Kf7 38. Ke2 Ke6 39. Ke3 Kd5 40. Kd3 Be7 41. Be3 Bf6 42. Bd2 h5 43. Be3 Bg7 44. Bd2 Bd4 45. Be3 Bxe3 46. Kxe3 a5 47. Kd3 c4+ 48. bxc4+ Kc5 49. Kc3 a4 50. g4 hxg4 51. hxg4 a3 52. Kb3 a2 53. Kxa2 Kxc4 54. f5 gxf5 55. gxf5 Kd5 56. f6 Ke6 57. f7 Kxf7 1/2-1/2

[Event "HUN-chT U10"]
[Site "Budapest"]
[Date "2015.08.28"]
[Round "5.2"]
[White "Schiszler, Gellert"]
[Black "Kiraly, Barnabas"]
[Result "1-0"]
[WhiteElo "1479"]
[BlackElo "1418"]
[PlyCount "126"]
[EventDate "2015.08.26"]
[EventType "team-swiss"]
[EventRounds "8"]
[EventCountry "HUN"]
[SourceTitle "EXT 2016"]
[Source "ChessBase"]
[SourceDate "2015.10.08"]
[SourceVersion "1"]
[SourceVersionDate "2015.10.08"]
[SourceQuality "1"]

1. e4 e5 2. Nf3 Nc6 3. Bc4 Bc5 4. c3 Nf6 5. d3 0-0 6. Nbd2 d6 7. Bb3 Bb6 8. Nf1 Ne7 9. Ng3 Ng6 10. 0-0 h6 11. h3 c6 12. Kh1 Be6 13. Nh2 Bxb3 14. axb3 Bc7 15. Nf5 Ne7 16. Ng4 Nxf5 17. exf5 Kh7 18. Nxf6+ Qxf6 19. g4 g5 20. Kg2 d5 21. f3 Rfe8 22. Qe2 Re7 23. Bd2 Rae8 24. Rae1 Qd6 25. Kh1 f6 26. Qh2 a6 27. h4 e4 28. Qxd6 Bxd6 29. d4 e3 30. Bc1 e2 31. Rg1 gxh4 32. Rg2 Bg3 33. Rxg3 hxg3 34. Kg2 b6 35. b4 Rc7 36. Kxg3 c5 37. bxc5 bxc5 38. dxc5 Rxc5 39. Kf2 d4 40. cxd4 Rc2 41. b4 Rec8 42. Bf4 R8c4 43. Rxe2 Rxe2+ 44. Kxe2 Rxb4 45. Be3 a5 46. Bd2 Rb2 47. Kd3 a4 48. Bc3 Rf2 49. Ke3 Ra2 50. d5 Kg7 51. Kd4 Rc2 52. Kd3 Rf2 53. Ke3 Rc2 54. Kd3 Rf2 55. Ke3 Rc2 56. Kd3 Rxc3+ 57. Kxc3 Kf7 58. Kb4 Ke7 59. Kxa4 Kd6 60. Kb3 Kxd5 61. Kc3 Ke5 62. Kd3 Kf4 63. Ke2 h5 1-0

[Event "HUN-chT U10"]
[Site "Budapest"]
[Date "2015.08.27"]
[Round "3.2"]
[White "Bodicsi, Barna"]
[Black "Schiszler, Gellert"]
[Result "1/2-1/2"]
[WhiteElo "1677"]
[BlackElo "1479"]
[PlyCount "89"]
[EventDate "2015.08.26"]
[EventType "team-swiss"]
[EventRounds "8"]
[EventCountry "HUN"]
[SourceTitle "EXT 2016"]
[Source "ChessBase"]
[SourceDate "2015.10.08"]
[SourceVersion "1"]
[SourceVersionDate "2015.10.08"]
[SourceQuality "1"]

1. d4 Nf6 2. c4 g6 3. Nc3 d5 4. e3 Bg7 5. Nf3 0-0 6. Be2 dxc4 7. Bxc4 c5 8. 0-0 cxd4 9. Qxd4 Qxd4 10. exd4 Bg4 11. Ne5 Nc6 12. Nxc6 bxc6 13. Be3 Rab8 14. b3 Bf5 15. d5 Nxd5 16. Bxd5 cxd5 17. Nxd5 Bxa1 18. Nxe7+ Kg7 19. Rxa1 Rb7 20. Bc5 Re8 21. Re1 Rd7 22. h3 Be6 23. Nc6 Rc7 24. Bd4+ Kg8 25. Nxa7 Ra8 26. Nb5 Rd7 27. Rc1 h6 28. Kh2 f5 29. Be3 Rxa2 30. Nd4 Bf7 31. b4 Ra8 32. b5 Rb8 33. Rb1 Bc4 34. b6 Rd6 35. Bf4 Rbxb6 36. Rxb6 Rxb6 37. Bxh6 Kh7 38. Be3 Rd6 39. Nf3 Be2 40. Ng5+ Kg7 41. Bf4 Rc6 42. Be5+ Kg8 43. Kg3 Bd1 44. f3 Bb3 45. Kf4 1/2-1/2